Петр II (Запись № 13692807)

Подробности
000 -МАРКЕР
контрольное поле 02877nam0a2200397 4500
001 - ИДЕНТИФИКАТОР ЗАПИСИ
контрольное поле RU\NLR\BIBL_A\022709131
005 - ИДЕНТИФИКАТОР ВЕРСИИ
контрольное поле 20260426072452.0
010 ## - МЕЖДУНАРОДНЫЙ СТАНДАРТНЫЙ НОМЕР КНИГИ (ISBN)
Номер (ISBN) 978-5-392-45116-6
Тираж 1000
021 ## - НОМЕР ГОСУДАРСТВЕННОЙ РЕГИСТРАЦИИ
Код страны Российская Федерация
Номер КН-П-25-074774
Номер Листа государственной регистраци КН-П-25-7254
035 ## - ДРУГИЕ СИСТЕМНЫЕ НОМЕРА
Идентификатор записи (NLR Aleph) 022709131
100 ## - ДАННЫЕ ОБЩЕЙ ОБРАБОТКИ
Данные общей обработки 20260126d2026 k y0rusy50 ca
101 0# - ЯЗЫК РЕСУРСА
Язык текста, звукозаписи и т.д. русский
102 ## - СТРАНА ПУБЛИКАЦИИ ИЛИ ПРОИЗВОДСТВА
Страна публикации Российская Федерация
105 ## - ПОЛЕ КОДИРОВАННЫХ ДАННЫХ: ТЕКСТОВЫЕ МАТЕРИАЛЫ, МОНОГРАФИЧЕСКИЕ
Кодированные данные о монографическом текстовом документе abc z 000zb
181 #0 - ПОЛЕ КОДИРОВАННЫХ ДАННЫХ: ВИД СОДЕРЖАНИЯ
Код вида содержания (ISBD) i
Код характеристики содержания (ISBD) axxe
182 #0 - ПОЛЕ КОДИРОВАННЫХ ДАННЫХ: ТИП СРЕДСТВА
Код типа средства (ISBD) n - непосредственное
200 1# - ЗАГЛАВИЕ И СВЕДЕНИЯ ОБ ОТВЕТСТВЕННОСТИ
Основное заглавие Петр II
Первые сведения об ответственности Николай Павленко
Последующие сведения об ответственности научное предисловие доктора исторических наук профессора Н. Г. Георгиевой
203 ## - ВИД СОДЕРЖАНИЯ И ТИП СРЕДСТВА
Вид содержания Текст
Дополнительные сведения об издании визуальный
Тип средства непосредственный
210 ## - ПУБЛИКАЦИЯ, РАСПРОСТРАНЕНИЕ И ДР.
Место издания, распространения и т.д. Москва
Имя издателя, распространителя и т. д. Российское военно-историческое общество
-- Проспект
Дата издания, распространения и т.д. 2026 (печ. 2025)
215 ## - ФИЗИЧЕСКАЯ ХАРАКТЕРИСТИКА
Специфическое обозначение материала и объем 647, [1] с.
Другие сведения о физической характеристике ил., карты, портр.
Размеры 22
225 1# - СЕРИЯ
Основное заглавие серии Собиратели земли русской
Сведения, относящиеся к заглавию СЗР
Сведения об ответственности автор идеи и главный редактор: профессор, д. и. н. В. Р. Мединский
320 ## - ПРИМЕЧАНИЯ О НАЛИЧИИ В ДОКУМЕНТЕ БИБЛИОГРАФИИ / УКАЗАТЕЛЯ
Текст примечания Библиогр. в подстроч. примеч.
320 ## - ПРИМЕЧАНИЯ О НАЛИЧИИ В ДОКУМЕНТЕ БИБЛИОГРАФИИ / УКАЗАТЕЛЯ
Текст примечания Другие произведения авт. в конце кн.
327 1# - ПРИМЕЧАНИЯ О СОДЕРЖАНИИ
Текст примечания На тит. с. и переплёте: прил.: Записки герцога Лирийского ; Самодержавный отрок / Н. И. Костомаров
333 ## - ПРИМЕЧАНИЯ ОБ ОСОБЕННОСТЯХ РАСПРОСТРАНЕНИЯ И ИСПОЛЬЗОВАНИЯ
Текст примечания 12+
464 #0 - АНАЛИТИЧЕСКИЙ УРОВЕНЬ
Встроенное поле 2001#$aЗаписки о пребывании при императорском российском дворе в звании посла короля испанского$fгерцог Лирийский
-- 700#1$aБервик-и-Лирия$bЯ.$cгерцог$f1696-1738$gЯков$3RU\NLR\AUTH\770141893
Заглавие Записки о пребывании при императорском российском дворе в звании посла короля испанского
Автор Бервик-и-Лирия, Яков (герцог ; 1696-1738)
464 #0 - АНАЛИТИЧЕСКИЙ УРОВЕНЬ
Встроенное поле 2001#$aСамодержавный отрок$fН. И. Костомаров
-- 700#1$aКостомаров$bН. И.$cисторик$f1817-1885$gНиколай Иванович$3RU\NLR\AUTH\779376
Заглавие Самодержавный отрок
Автор Костомаров, Николай Иванович (историк ; 1817-1885)
600 #0 - ИМЯ ЛИЦА КАК ПРЕДМЕТ
Начальный элемент ввода Петр
Дополнения к именам, кроме дат император российский
Римские цифры II
Даты 1715 - 1730
Системный номер авторитетной/нормативной записи 1900897
Идентификатор авторитетной/нормативной записи RU\NLR\AUTH\66865395
686 1# - ИНДЕКСЫ ДРУГИХ КЛАССИФИКАЦИЙ
Индекс Т3(2)463,022.2
700 #1 - ИМЯ ЛИЦА - ПЕРВИЧНАЯ ОТВЕТСТВЕННОСТЬ
Графика поля Кириллица
Материалы, к которым относится поле rus
Начальный элемент ввода Павленко
Часть имени, кроме начального элемента ввода Н. И.
Дополнения к именам, кроме дат д-р ист. наук
Даты 1916-2016
Расширение инициалов личного имени Николай Иванович
Системный номер авторитетной/нормативной записи 17517
Идентификатор авторитетной/нормативной записи RU\NLR\AUTH\7734514
702 #0 - ИМЯ ЛИЦА - ВТОРИЧНАЯ ОТВЕТСТВЕННОСТЬ
Код отношения Объект посвящения
Графика поля Кириллица
Материалы, к которым относится поле rus
Начальный элемент ввода Петр
Дополнения к именам, кроме дат император российский
Римские цифры II
Даты 1715-1730
Системный номер авторитетной/нормативной записи 123527
Идентификатор авторитетной/нормативной записи RU\NLR\AUTH\7713845
942 ## - ДОПОЛНИТЕЛЬНЫЕ ЭЛЕМЕНТЫ ЗАПИСИ (АБИС)
Тип экземпляра АБИС Книга
980 ## - КОЛЛЕКЦИЯ
Название коллекции Национальная библиография

Нет доступных экземпляров.